Central Library OPAC University of Rajshahi

English social services : (Record no. 47831)

MARC details
000 -LEADER
fixed length control field 00675nam a2200229 4500
001 - CONTROL NUMBER
control field 47831
003 - CONTROL NUMBER IDENTIFIER
rucl marc code BD-RjUL
005 - DATE AND TIME OF LATEST TRANSACTION
control field 20211209054412.0
008 - FIXED-LENGTH DATA ELEMENTS--GENERAL INFORMATION
fixed length control field 160810s1949 enk b 001 0 eng
035 ## - SYSTEM CONTROL NUMBER
System control number (BD-RjUL)47950
040 ## - CATALOGING SOURCE
Original cataloging agency BD-RjUL
Transcribing agency NGcA
Modifying agency BD-RjUL
Language of cataloging eng
041 ## - LANGUAGE CODE
Language code of text/sound track or separate title eng
082 ## - DEWEY DECIMAL CLASSIFICATION NUMBER
Classification number 360.942
Edition number 23
Author mark and year COE 1949
100 ## - MAIN ENTRY--PERSONAL NAME
Personal name Cohen, Emmeline W.
9 (RLIN) 145221
245 10 - TITLE STATEMENT
Title English social services :
Remainder of title methods and growth /
Statement of responsibility, etc. Emmeline W. Cohen
260 ## - PUBLICATION, DISTRIBUTION, ETC. (IMPRINT)
Place of publication, distribution, etc. London :
Name of publisher, distributor, etc. George Allen & Unwin Ltd,
Date of publication, distribution, etc. 1949
300 ## - PHYSICAL DESCRIPTION
Pagination xii, 169 p. ;
Size 19 cm.
500 ## - GENERAL NOTE
General note Include index
650 #0 - SUBJECT ADDED ENTRY--TOPICAL TERM
Topical term or geographic name as entry element Charities
Geographic subdivision Great Britain
General subdivision History.
9 (RLIN) 145222
Topical term or geographic name as entry element
9 (RLIN) 148402
942 ## - ADDED ENTRY ELEMENTS (KOHA)
Source of classification or shelving scheme Dewey Decimal Classification
Koha item type Books
Holdings
Lost status Source of classification or shelving scheme Damaged status Not for loan Collection code Permanent Location Current Location Shelving location Date acquired Source of acquisition Cost, normal purchase price Total Checkouts Full call number Date last seen Copy number Koha item type
  Dewey Decimal Classification     Non-fiction Central Library, University of Rajshahi Central Library, University of Rajshahi   20/08/2016 Sweets and zeitlinger 8.00   360.942 COE 1949 20/08/2016 C-4 Books
  Dewey Decimal Classification     Non-fiction Central Library, University of Rajshahi Central Library, University of Rajshahi   20/08/2016 Sweets and zeitlinger 8.00   360.942 COE 1949 20/08/2016 C-3 Books
  Dewey Decimal Classification     Non-fiction Central Library, University of Rajshahi Central Library, University of Rajshahi   20/08/2016 Sweets and zeitlinger 8.00   360.942 COE 1949 20/08/2016 C-5 Books
  Dewey Decimal Classification   Not For Loan Non-fiction Central Library, University of Rajshahi Central Library, University of Rajshahi Reading Room 16/05/1968 Sweets and Zeithlinger 8.60   360.942 COE 1949 15/01/2017 C-1 Books